| 000 | 00491cas a22001815a 4500 | ||
|---|---|---|---|
| 001 | L138767 | ||
| 008 | 070710c1999 xxkzr p 0 a0eng u | ||
| 035 | _a(Sirsi) u138767 | ||
| 041 | 0 | _aeng | |
| 110 | 2 |
_aRoyal Institution of Chartered Surveyors _bWales _95220 |
|
| 245 | 0 | 0 | _aWales Bulletin |
| 260 |
_aCardiff _bRICS _c1999- |
||
| 362 | 0 | _a[1] [1999] | |
| 554 | _aUnknown | ||
| 651 | 4 |
_aWales _y1998-2007 |
|
| 690 | _aMANAGEMENT-BUSINESS MANAGEMENT-PROFESSIONAL PRACTICE | ||
| 942 | _n0 | ||
| 999 |
_c119030 _d119030 |
||